KOHA-Header-6

An Introduction To The Theory of Computation (Record no. 6636)

000 -LEADER
fixed length control field 00285nam a2200109Ia 4500
100 ## - MAIN ENTRY--AUTHOR NAME
Personal name Eitan M. Gurari
245 #3 - TITLE STATEMENT
Title An Introduction To The Theory of Computation
260 ## - PUBLICATION, DISTRIBUTION, ETC. (IMPRINT)
Place of publication New York
Name of publisher Mc Graw Hill
Year of publication 1989
300 ## - PHYSICAL DESCRIPTION
Number of Pages 314
942 ## - ADDED ENTRY ELEMENTS (KOHA)
Koha item type Books
Holdings
Withdrawn status Lost status Permanent Location Current Location Date acquired Full call number Accession Number Koha item type
    MAJU MAJU 2019-09-11 004 24 Books

Powered by Koha